| 000 | 01179 a2200229 4500 | ||
|---|---|---|---|
| 001 | 41303 | ||
| 005 | 20260407155707.0 | ||
| 008 | 260407a1991 arg spa d | ||
| 003 | AR-UNSa-BCEJYS | ||
| 040 |
_aAR-UNSa-BCEJYS _bspa _cAR-UNSa-BCEJYS |
||
| 080 |
_a336.74 _xMoneda. Sistema monetario |
||
| 245 | 1 | 0 | _aLey de convertibilidad 23.928 y sus efectos sobre las relaciones jurídicas |
| 020 | _a950-9606-34-0 | ||
| 250 | _a2a. ed. | ||
| 264 | 1 |
_aBuenos Aires : _bAD-HOC _c1991 |
|
| 300 |
_a232 p. _c23 cm. |
||
| 505 | _a1. Introducción a la Ley 23.928 de convertibilidad y su reglamentación - 2. Convertibilidad del austral - 3. El retorno al nominalismo - 4. Intereses - 5. Efectos generales sobre relaciones jurídicas preexistentes - 6. Obligaciones en moneda extranjera - 7. Alquileres - 8. Obligaciones ajustables por índice de ajuste financiero - 9. Estados contables de sociedades comerciales - 10. Aranceles y facturación - 11. Impuestos - 12. Concursos - 13. Sentencias judiciales - 14. Obra pública - 15. Conflictos y acciones judiciales. | ||
| 041 | _aspa | ||
| 942 | _cBK | ||
| 590 | _aniveau_biblio:m niveau_hierar:0 | ||
| 100 | 1 | _aVítolo, Daniel Roque | |
| 999 |
_c3448 _d3448 |
||